Jewish literature between the Bible and the Mishnah : (Record no. 8562)
[ view plain ]
| 000 -LEADER | |
|---|---|
| fixed length control field | 01158nam a22002537a 4500 |
| 003 - CONTROL NUMBER IDENTIFIER | |
| control field | GBCCL |
| 005 - DATE AND TIME OF LATEST TRANSACTION | |
| control field | 20241126110653.0 |
| 008 - FIXED-LENGTH DATA ELEMENTS--GENERAL INFORMATION | |
| fixed length control field | 210408b ||||| |||| 00| 0 eng d |
| 020 ## - INTERNATIONAL STANDARD BOOK NUMBER | |
| International Standard Book Number | 0800637682 |
| 020 ## - INTERNATIONAL STANDARD BOOK NUMBER | |
| International Standard Book Number | 9780800637682 |
| 020 ## - INTERNATIONAL STANDARD BOOK NUMBER | |
| International Standard Book Number | 0800637798 |
| 020 ## - INTERNATIONAL STANDARD BOOK NUMBER | |
| International Standard Book Number | 9780800637798 |
| 040 ## - CATALOGING SOURCE | |
| Transcribing agency | GBC |
| 082 ## - DEWEY DECIMAL CLASSIFICATION NUMBER | |
| Classification number | 296.1 |
| Item number | NIC |
| 100 ## - MAIN ENTRY--PERSONAL NAME | |
| Personal name | Nickelsburg, George W.E. |
| 9 (RLIN) | 15089 |
| 245 ## - TITLE STATEMENT | |
| Title | Jewish literature between the Bible and the Mishnah : |
| Remainder of title | a historical and literary introduction / |
| Statement of responsibility, etc. | George W.E. Nickelsburg. |
| 260 ## - PUBLICATION, DISTRIBUTION, ETC. | |
| Place of publication, distribution, etc. | Minneapolis : |
| Name of publisher, distributor, etc. | Fortress Press, |
| Date of publication, distribution, etc. | ©2005. |
| 300 ## - PHYSICAL DESCRIPTION | |
| Extent | xxiii, 445 pages : |
| Other physical details | ill., maps |
| Dimensions | 24 cm |
| Accompanying material | + CD-ROM |
| 505 ## - FORMATTED CONTENTS NOTE | |
| Formatted contents note | Tales of the dispersion --<br/>Palestine in the wake of Alexander the Great --<br/>Reform, repression, revolt --<br/>The Hasmoneans and their opponents --<br/>The people at Qumran and their predecessors --<br/>Israel in Egypt --<br/>The Romans and the house of Herod --<br/>Revolt, destruction, reconstruction --<br/>Texts of disputed provenance. |
| 650 ## - SUBJECT ADDED ENTRY--TOPICAL TERM | |
| Topical term or geographic name entry element | Bible. |
| Form subdivision | Apocrypha |
| General subdivision | Introductions. |
| 9 (RLIN) | 15090 |
| 650 ## - SUBJECT ADDED ENTRY--TOPICAL TERM | |
| Topical term or geographic name entry element | Apocryphal books (Old Testament) |
| Form subdivision | Introductions. |
| 9 (RLIN) | 15091 |
| 650 ## - SUBJECT ADDED ENTRY--TOPICAL TERM | |
| Topical term or geographic name entry element | Dead Sea scrolls. |
| 9 (RLIN) | 15092 |
| 942 ## - ADDED ENTRY ELEMENTS (KOHA) | |
| Source of classification or shelving scheme | Dewey Decimal Classification |
| Koha item type | Books |
| Withdrawn status | Lost status | Source of classification or shelving scheme | Damaged status | Not for loan | Home library | Current Library | Shelving location | Date acquired | Total checkouts | Full call number | Barcode | Date last seen | Copy number | Price effective from | Koha item type |
|---|---|---|---|---|---|---|---|---|---|---|---|---|---|---|---|
| Dewey Decimal Classification | GRACE BIBLE COLLEGE | GRACE BIBLE COLLEGE | Philosophy and Religion | 2021-04-08 | 296.1 NIC | 020193 | 2025-05-01 | c.1 | 2021-04-08 | Books |